Statistics for Country Border Chain

Click here to take the quiz!

General Stats

  • This quiz has been taken 104 times
    (100 since last reset)
  • The average score is 11 of 17

Answer Stats

QuestionAnswer% Correct
Which country borders Germany?Austria
96%
Which country borders the previous answer?Pakistan
76%
Which country borders the previous answer?India
75%
Which country borders the previous answer?Myanmar
75%
Which country borders the previous answer?Russia
74%
Which country borders the previous answer?China
70%
Which country borders the previous answer?Slovakia
70%
Which country borders the previous answer?Ukraine
69%
Which country borders the previous answer?Iran
67%
Which country borders the previous answer?Kazakhstan
66%
Which country borders the previous answer?Laos
66%
Which country borders the previous answer?Turkmenistan
65%
Which country borders the previous answer?Azerbaijan
61%
Which country borders the previous answer?Iran
60%
Which country borders the previous answer?Bulgaria
53%
Which country borders the previous answer?Turkey
53%
Which country borders the previous answer?Serbia
47%

Score Distribution

Percentile by Number Answered

Percent of People with Each Score

Your Score History

You have not taken this quiz since the last reset